000 00486nam a2200181Ia 4500
001 2794
005 20260306144833.0
008 260306t2004||||xx |||||||||||||| ||spa||
041 _aESP
082 _a230
_bS719
100 _aSayers, Dorothy L.
_eAUT
245 0 _aLetters to a diminished church:
_bpassionate arguments for the relevance of Chrisitian doctrine
260 _c2004
300 _a280 páginas :
_c20 cm.
650 _aGEN
654 _aCHU
942 _cLIB
_dJUS
_fJUS
_2ddc
_n
999 _c2794
_d2794